Представление документа в формате MARC21

ПолеНазваниеЗначение
  Тип записи a
  Библиографический уровень m
001 Контрольный номер RU/URAIT/584546
005 Дата корректировки 20260429163649.9
008 Кодируемые данные 260429s2026 RU y f j 000 0 rus u
020 Индекс ISBN __
a ISBN 978-5-534-15156-5
c Цена, тираж 2599.00
040 Источник каталогиз. __
a Служба первич. каталог. ИКО Юрайт
c Служба, преобразующая запись ИКО Юрайт
e Правила каталог. RCR
041 Код языка издания __
a Код языка текста rus
044 Код страны публикации __
a Код страны публикации RU
080 Индекс УДК __
a Индекс УДК 159.93(075.8)
084 Индекс другой классификации/Индекс ББК __
2 Источник индекса rubbk
a Индекс другой классификации/Индекс ББК 88.3я73
100 Автор __
a Автор Восковская Л. В.
q Полное имя Восковская Людмила Васильевна
245 Заглавие __
a Заглавие Психология ощущений и восприятия
b Продолж. заглавия учебник для вузов
c Ответственность Л. В. Восковская.
256 Характеристики компьютерного файла __
a Характеристики компьютерного файла Электрон. дан.
260 Выходные данные __
a Место издания Москва
b Издательство Юрайт
c Дата издания 2026
300 Физическое описание __
a Объем 511 с
440 Серия __
a Серия Высшее образование
500 Примечания __
a Примечание URL: https://urait.ru/bcode/584546 (дата обращения: 29.04.2026).
520 Аннотация __
a Аннотация Курс призван восполнить дефицит русскоязычных работ в области одного из разделов современной когнитивной психологии — психологии ощущений и восприятия. В курсе рассматриваются вопросы организации чувственной сферы человека: изложены принципы функционирования сенсорно-перцептивных процессов с учетом достижения современной психологической науки — как отечественной, так и зарубежной. Помимо изложения классических и современных теорий, большое внимание уделяется эксперимен тальному изучению таких основных свойств и феноменов ощущения и восприятия, как явления взаимодействия ощущений, восприятие третьего изменения, восприятие движения и многое другое.
538 Прим. о системных особенностях __
a Прим. о системных особенностях Режим доступа: Электронно-библиотечная система Юрайт, для авториз. пользователей
653 Ключевые слова __
a Ключевые слова Психология. Общие работы
653 Ключевые слова __
a Ключевые слова Педагогика, психология, социальная работа
653 Ключевые слова __
a Ключевые слова Общая психология: ощущение, восприятие, память
653 Ключевые слова __
a Ключевые слова Психология ощущения, восприятия и внимания
653 Ключевые слова __
a Ключевые слова Ощущение и восприятие
653 Ключевые слова __
a Ключевые слова Современная когнитивная психология
856 Электронный адрес документа 40
n Местонахождение сервера Юрайт
g Электронная книга
q Тип электронного формата html
h Имя пользователя ЮРАЙТ
v Часы доступа к ресурсу 20271231
2 Способ доступа Показать документ
x Служебное примечание https://urait.ru/book/cover/A2D86FDD-0052-4C97-9478-DBF2FB441159
u URL https://urait.ru/bcode/584546
856 Электронный адрес документа 48
q Тип электронного формата cover
u URL https://urait.ru/book/cover/A2D86FDD-0052-4C97-9478-DBF2FB441159
911 __
u 0030=https://urait.ru/bcode/584546
911 __
u 073a=9785534151565
u 073d=2599.00
911 __
u 106a=s
911 __
u 900l=
952 Тип литературы __
i Дисциплина Общая психология: ощущение, восприятие, память
952 Тип литературы __
i Дисциплина Психология ощущения, восприятия и внимания
952 Тип литературы __
i Дисциплина Ощущение и восприятие
952 Тип литературы __
i Дисциплина Современная когнитивная психология